000 00944nas a2200277 4500
001 BR9511612
003 BR-BrBNA
005 20231205094640.0
007 ta
008 230509b bl.|||p| |||| 00| 00por d
040 _aBR-BrBNA
_bpor
_cBiblioteca Nacional de Agricultura
041 _a(Pt)
072 _aF02
100 1 _aStenzel, N.M.C.
100 1 _aCarvalho, S.L.C. de
111 1 _a12. Congresso Brasileiro de Fruticultura
_cPorto Alegre, RS (Brazil)
_d17-22 Jan 1993
245 1 _aComportamento do maracujazeiro "amarelo" (Passiflora edulis f. flavicarpa Deg.)enxertado sobre diferentes porta-enxertos
650 _aMaracuja
650 _aVariedade
650 _aPorta Enxerto
650 _aEnxerto
650 _aComportamento de Variedade
773 0 _tRevista Brasileira de Fruticultura (Brazil)
_xISSN 0100-2945
_g1992, v. 14(3) p. 183-186
_wBR9511612
909 _a202311
_bLúcia
_c55
_dLúcia Elande
942 _2AGRIS
_n0
_cANA
999 _c145881
_d145881